| 000 | 00930nam a2200265 a 4500 | ||
|---|---|---|---|
| 001 | BRCA_101 | ||
| 005 | 20190320202859.0 | ||
| 008 | 930730s1992 mx-a---##b---f000-0#spa-# | ||
| 020 | _a9681634837 | ||
| 040 |
_aDLC _cDLC _dDLC |
||
| 050 | 4 |
_aG1549.M4 _b.Y66 1992 |
|
| 100 | 1 |
_aYoneda, Keiko _9395 |
|
| 245 | 1 | 0 |
_aLos mapas de Cuauhtinchan y la historia cartográfica prehispánica _cKeiko Yoneda. |
| 250 | _a2 | ||
| 260 |
_aPuebla _bEstado de Puebla |
||
| 260 |
_aMéxico _bCIESAS : FCE _c1991-1992 |
||
| 300 |
_a204 p. _bil., mapas (algunas a color) _c24 cm. |
||
| 500 | _aOriginalmente presentada por el autor como tesis (licenciado en arqueología)--Escuela Nacional de Antropología e Historia, Mexico | ||
| 504 | _aBibliografía: p. 81-84 | ||
| 650 | 1 | 4 |
_aCartografía azteca _9396 |
| 650 | 1 | 4 |
_aNáhuatl _xEscritura _9397 |
| 651 | 4 |
_aMéxico _xMapas _9398 |
|
| 651 | 4 |
_aCuautinchan (México) _xHistoria _9399 |
|
| 942 |
_2lcc _cB |
||
| 999 |
_c87 _d87 |
||